000 00952nam a22002891a 4500
003 DO-SdBNP
005 20220608135232.0
007 ta
008 220603b2021 dr ||||| |||| 00| j spa d
020 _a9789945608618
040 _aDO-SdBNP
_bspa
_cBNPHU
082 4 _aPR862.44
_bC129m
_222
100 1 _aCanales Torres, Carlos
_d1955-
_967168
245 1 _aMai :
_bteatro - cuento /
_cCarlos Canales
260 _aSanto Domingo :
_bIsla Negra,
_c2021
300 _a107 p. ;
_c22 cm.
490 1 _aLos pies de edipo
500 _aIncluye datos biográficos del autor en las solapas
590 _aInventariado, 2022/BT
600 1 0 _aCanales Torres, Carlos
_d1955-
_xCrítica e interpretación
_967168
650 4 _aCuentos puertorriqueños
_9249
650 4 _aLiteratura puertorriqueña
650 4 _aTeatro puertorriqueño
_94514
830 0 _aLos pies de edipo
_927135
910 _aBtavárez/Validado. Control de calidad MFF
942 _2ddc
_cLBS1
999 _c51922
_d51922